| 000 | 01697nam a2200253 a 4500 | ||
|---|---|---|---|
| 005 | 20141217161517.0 | ||
| 008 | 140129b2006 ck ||||| |||| 00| 0 spa d | ||
| 040 | _cCO-BoIH | ||
| 041 | _aspa | ||
| 044 | _ack | ||
| 090 |
_aIAVH _b00966 |
||
| 100 |
_aVillegas Villegas, Hernan Darío _95636 |
||
| 245 |
_aSoporte legal de los instrumentos de política diseñados de manera participativa y enfocados hacia la conservación de los servicios ambientales en el nacimiento del río Bogotá y la laguna de Fúquene con base en su valor económico _bCuarta parte |
||
| 260 |
_aMedellín _bInstituto Alexander von Humboldt _c2006 |
||
| 300 | _a22 p. | ||
| 520 | _aDefine el soporte legal para el diseño, implementación y seguimiento de instrumentos de política que promuevan la conservación y uso sostenible de la biodiversidad en las zonas de influencia del Nacimiento del Rio Bogotá y de la Laguna de fúquene. Es preciso indicar que los instrumentos de política diseñados en este trabajo no aportan una solución definitiva a la problemática ambiental presente en la zona, ya que es necesario investigar mas sobre cuales otras alternativas se le pueden proponer a la comunidad para que en algunos casos de manera voluntaria y en otros a través de procesos coercitivos, cambien las prácticas productivas insostenibles por actividades de aprovechamiento sostenible de los recursos naturales existentes en la región | ||
| 650 |
_aDiseño _91255 |
||
| 650 |
_aImplementación _930459 |
||
| 650 |
_aInstrumentos de política _95554 |
||
| 662 |
_aColombia _crío Bogotá _bCundinamarca |
||
| 662 |
_aColombia _cLaguna de Fúquene _bCundinamarca |
||
| 942 |
_cINFORME _2z |
||
| 945 | _d2008-09-09 | ||
| 999 |
_c6554 _d6554 |
||